000 00455nam a2200181Ia 4500
001 24070
005 20260414151019.0
008 260414t1999||||xx |||||||||||||| ||spa||
041 _aESP
082 _a759.47
_bG14
100 _aBanco Bilbao Vizcaya
_eAUT
245 0 _aLa pintura rusa del siglo XIX en la galería Tretiakov
_b
260 _c1999
300 _a179 páginas :
_c27 cm.
650 _aABD
654 _aCAU
942 _cLIB
_dJUS
_fJUS
_2ddc
_n
999 _c24070
_d24070